[Event "SRB-chT 2nd League East"]
[Site "Knic"]
[Date "2019.09.08"]
[Round "5.5"]
[White "Kalcic, Krsta"]
[Black "Simic, Petar S"]
[Result "1/2-1/2"]
[WhiteElo "2060"]
[BlackElo "2097"]
[PlyCount "51"]
[EventDate "2019.09.06"]
[EventType "team-tourn"]
[EventRounds "11"]
[EventCountry "SRB"]
[SourceTitle "EXT 2020"]
[Source "ChessBase"]
[SourceDate "2019.10.17"]
[SourceVersion "1"]
[SourceVersionDate "2019.10.17"]
[SourceQuality "1"]
[WhiteTeam "Bor Bakar"]
[BlackTeam "Majdanpek"]
[WhiteTeamCountry "SRB"]
[BlackTeamCountry "SRB"]

1. e4 c5 2. Nf3 Nc6 3. d4 cxd4 4. Nxd4 Nf6 5. Nc3 d6 6. Bg5 e6 7. Qd2 Bd7 8. 0-0-0 a6 9. f4 Be7 10. Be2 b5 11. Bf3 Nxd4 12. Qxd4 Rc8 13. e5 dxe5 14. fxe5 Nd5 15. Bxe7 Nxe7 16. Ne4 Nf5 17. Nd6+ Nxd6 18. Qxd6 Qc7 19. Qxc7 Rxc7 20. Rd6 a5 21. Rhd1 Ke7 22. Ra6 Rhc8 23. Rd2 a4 24. a3 Rc5 25. Ra7 R8c7 26. Rxc7 1/2-1/2

[Event "Paracin Winter op"]
[Site "Paracin"]
[Date "2018.02.04"]
[Round "8"]
[White "Micanovic, Zoran"]
[Black "Simic, Petar S"]
[Result "0-1"]
[WhiteElo "1810"]
[BlackElo "2023"]
[PlyCount "34"]
[EventDate "2018.01.30"]
[EventType "swiss"]
[EventRounds "9"]
[EventCountry "SRB"]
[SourceTitle "CBM 182 Extra"]
[Source "ChessBase"]
[SourceDate "2018.02.23"]
[SourceVersion "1"]
[SourceVersionDate "2018.02.23"]
[SourceQuality "1"]

1. e4 c5 2. Nf3 Nc6 3. d4 cxd4 4. Nxd4 Nf6 5. Nc3 d6 6. Be2 e5 7. Nb3 Be7 8. Bg5 Be6 9. 0-0 0-0 10. Qd2 a5 11. Bb5 Na7 12. Bxf6 Bxf6 13. Rad1 Nxb5 14. Nxb5 Bc4 15. Nxd6 Bxf1 16. Kxf1 Qb6 17. c4 a4 0-1

[Event "Paracin Winter op"]
[Site "Paracin"]
[Date "2018.02.04"]
[Round "9"]
[White "Simic, Petar S"]
[Black "Cvetanovic, Uros"]
[Result "0-1"]
[WhiteElo "2023"]
[BlackElo "2294"]
[PlyCount "38"]
[EventDate "2018.01.30"]
[EventType "swiss"]
[EventRounds "9"]
[EventCountry "SRB"]
[SourceTitle "CBM 182 Extra"]
[Source "ChessBase"]
[SourceDate "2018.02.23"]
[SourceVersion "1"]
[SourceVersionDate "2018.02.23"]
[SourceQuality "1"]

1. d4 Nf6 2. c4 e6 3. Nc3 Bb4 4. e3 0-0 5. Bd3 d6 6. Nge2 e5 7. Qc2 Nc6 8. d5 Ne7 9. 0-0 Bxc3 10. Nxc3 c6 11. e4 Ng6 12. Ne2 Nh5 13. f4 exf4 14. Nxf4 Nhxf4 15. Bxf4 Qe7 16. Qc3 Nxf4 17. Rxf4 c5 18. Re1 f6 19. Rh4 g5 0-1

[Event "SRB-chT3 East"]
[Site "Serbia"]
[Date "2017.10.13"]
[Round "7.4"]
[White "Simic, Petar S"]
[Black "Colic, Ninoslav"]
[Result "1/2-1/2"]
[WhiteElo "2000"]
[BlackElo "2100"]
[PlyCount "89"]
[EventDate "2017.09.03"]
[EventType "team-tourn"]
[EventRounds "11"]
[EventCountry "SRB"]
[SourceTitle "EXT 2022"]
[Source "ChessBase"]
[SourceDate "2021.10.06"]
[SourceVersion "1"]
[SourceVersionDate "2021.10.06"]
[SourceQuality "1"]

1. d4 d5 2. c4 e6 3. Nf3 Nf6 4. cxd5 exd5 5. Bg5 Be7 6. Nc3 c6 7. Qc2 0-0 8. e3 Nbd7 9. Bd3 Re8 10. 0-0 Nf8 11. Rab1 Be6 12. Ne5 N6d7 13. Bxe7 Qxe7 14. f4 f6 15. Nf3 Bf7 16. Rbe1 Qd6 17. Nh4 g6 18. Kh1 c5 19. dxc5 Qxc5 20. e4 dxe4 21. Bxe4 Rab8 22. Rd1 Nb6 23. Nf3 Kg7 24. Rfe1 Re7 25. Qc1 Rbe8 26. f5 a6 27. Nd4 Nc4 28. Nb3 Qe5 29. Re2 Qc7 30. fxg6 hxg6 31. Nd4 Nd6 32. Bf3 Rxe2 33. Ndxe2 Qe7 34. Qf4 Nc4 35. b3 Ne5 36. Bd5 Ne6 37. Qg3 Rd8 38. Rf1 Ng5 39. Bxf7 Ngxf7 40. Nf4 Qd7 41. Nh5+ Kf8 42. Nxf6 Qd3 43. Qe1 Qd2 44. Qa1 Qc2 45. Nce4 1/2-1/2

[Event "Veliko Gradiste Silver Lake op-B"]
[Site "Veliko Gradiste"]
[Date "2017.06.24"]
[Round "8"]
[White "Demir, Baran"]
[Black "Simic, Petar S"]
[Result "1-0"]
[WhiteElo "1842"]
[BlackElo "2069"]
[PlyCount "51"]
[EventDate "2017.06.18"]
[EventType "swiss"]
[EventRounds "9"]
[EventCountry "SRB"]
[SourceTitle "CBM 179 Extra"]
[Source "ChessBase"]
[SourceDate "2017.08.23"]
[SourceVersion "1"]
[SourceVersionDate "2017.08.23"]
[SourceQuality "1"]

1. d4 Nf6 2. c4 c5 3. d5 b5 4. cxb5 a6 5. bxa6 g6 6. b3 Bg7 7. Bb2 0-0 8. g3 d6 9. Bg2 Bxa6 10. Nh3 Nbd7 11. 0-0 Qb6 12. Nd2 Rfc8 13. Qc2 Bxe2 14. Rfe1 Qa6 15. Nf4 Bg4 16. Rxe7 Re8 17. Bf1 Qb7 18. Rxe8+ Nxe8 19. Bxg7 Nxg7 20. Nc4 g5 21. Ng2 Qxd5 22. Nge3 Bf5 23. Nxf5 Nxf5 24. Bg2 Qd4 25. Rf1 d5 26. Qxf5 1-0

[Event "Veliko Gradiste Silver Lake op-B"]
[Site "Veliko Gradiste"]
[Date "2017.06.19"]
[Round "3"]
[White "Simic, Petar S"]
[Black "Brankovan, Mario"]
[Result "1-0"]
[WhiteElo "2069"]
[BlackElo "1884"]
[PlyCount "81"]
[EventDate "2017.06.18"]
[EventType "swiss"]
[EventRounds "9"]
[EventCountry "SRB"]
[SourceTitle "CBM 179 Extra"]
[Source "ChessBase"]
[SourceDate "2017.08.23"]
[SourceVersion "1"]
[SourceVersionDate "2017.08.23"]
[SourceQuality "1"]

1. Nf3 Nf6 2. g3 c6 3. Bg2 d6 4. d4 g6 5. 0-0 Qc7 6. c4 Bg7 7. Nc3 0-0 8. Qc2 Re8 9. Rd1 e5 10. e4 Nbd7 11. h3 h6 12. Be3 Nf8 13. Qd2 Kh7 14. Rac1 b6 15. d5 c5 16. Ne1 a6 17. Nd3 Bd7 18. a4 g5 19. Rf1 Ng6 20. Rb1 Qc8 21. Kh2 Nh5 22. Qe2 Nf6 23. b4 Qc7 24. a5 cxb4 25. Rxb4 b5 26. Bb6 Qc8 27. Rc1 bxc4 28. Nb2 Rg8 29. Nxc4 Qf8 30. Be3 Ne8 31. Nb6 Ra7 32. Nxd7 Rxd7 33. Qxa6 f5 34. exf5 Nf4 35. gxf4 gxf4 36. Bd2 Bf6 37. Be4 Rg5 38. Rb7 Rdg7 39. Rxg7+ Qxg7 40. Qc6 Qf7 41. Bf3 1-0

[Event "Belgrade Trophy 29th"]
[Site "Belgrade"]
[Date "2015.11.26"]
[Round "3"]
[White "Simic, Petar S"]
[Black "Pantovic, Dragan M"]
[Result "1/2-1/2"]
[WhiteElo "1920"]
[BlackElo "2157"]
[PlyCount "32"]
[EventDate "2015.11.24"]
[EventType "swiss"]
[EventRounds "9"]
[EventCountry "SRB"]
[SourceTitle "CBM 170 Extra"]
[Source "ChessBase"]
[SourceDate "2016.02.25"]
[SourceVersion "1"]
[SourceVersionDate "2016.02.25"]
[SourceQuality "1"]

1. Nf3 d5 2. g3 Bg4 3. Bg2 Nd7 4. 0-0 c6 5. d3 Ngf6 6. Nbd2 e5 7. e4 dxe4 8. dxe4 Be7 9. h3 Bh5 10. Qe1 0-0 11. Nc4 Qc7 12. a4 Rfe8 13. Nh4 b5 14. Ne3 Nxe4 15. axb5 cxb5 16. Nhf5 Bf8 1/2-1/2

[Event "SRB Central-ch op-B 7th"]
[Site "Paracin"]
[Date "2014.07.04"]
[Round "1"]
[White "Simic, Petar S"]
[Black "Madic, Zivko"]
[Result "1-0"]
[WhiteElo "1770"]
[BlackElo "2073"]
[PlyCount "71"]
[EventDate "2014.07.04"]
[EventType "swiss"]
[EventRounds "9"]
[EventCountry "SRB"]
[SourceTitle "CBM 161 Extra"]
[Source "ChessBase"]
[SourceDate "2014.08.29"]
[SourceVersion "1"]
[SourceVersionDate "2014.08.29"]
[SourceQuality "1"]

1. d4 Nf6 2. c4 g6 3. Nc3 Bg7 4. e4 d6 5. Nf3 0-0 6. h3 e5 7. d5 a5 8. Be3 Nh5 9. g4 Nf4 10. Qd2 g5 11. c5 f6 12. cxd6 cxd6 13. Bxf4 gxf4 14. Nh4 Rf7 15. Bd3 Na6 16. Bxa6 Rxa6 17. Nf5 Bd7 18. a4 Qb6 19. Ra3 Qb4 20. 0-0 Bf8 21. Qc2 Rb6 22. Rb1 h5 23. Na2 Bxf5 24. Nxb4 axb4 25. Rb3 Bd7 26. a5 Rb5 27. Qe2 hxg4 28. hxg4 Be7 29. f3 Bd8 30. Ra1 Rh7 31. a6 Bb6+ 32. Kg2 bxa6 33. Rxa6 Bc5 34. Ra8+ Kf7 35. Rd8 Ke7 36. Rxd7+ 1-0